Capital of Swiss Cantons - Statistics

General Stats
  • This quiz has been taken 128 times
  • The average score is 21 of 26
Answer Stats
Canton Capital % Correct
Basel-Stadt Basel
100%
Bern Bern
100%
Geneva Geneva
100%
Zürich Zürich
99%
Lucerne Lucerne
98%
St. Gallen St. Gallen
97%
Fribourg Fribourg
96%
Zug Zug
93%
Neuchâtel Neuchâtel
92%
Schaffhausen Schaffhausen
90%
Solothurn Solothurn
89%
Vaud Lausanne
88%
Glarus Glarus
82%
Schwyz Schwyz
81%
Graubünden Chur
80%
Appenzell Innerrhoden Appenzell
76%
Aargau Aarau
75%
Ticino Bellinzona
74%
Valais Sion
73%
Basel-Landschaft Liestal
64%
Uri Altdorf
61%
Thurgau Frauenfeld
61%
Jura Delémont
60%
Nidwalden Stans
54%
Obwalden Sarnen
51%
Appenzell Ausserrhoden Herisau
48%
No matching quizzes found
Score Distribution
Percent of People with Each Score
Percentile by Number Answered
Your Score History
You have not taken this quiz